| 000 | 01067nam a2200313 i 4500 | ||
|---|---|---|---|
| 001 | bg | ||
| 003 | BPK | ||
| 005 | 20200805093552.0 | ||
| 008 | 070126s2007 pl a f f |001 0 pol | ||
| 015 | _aPB 2007/2500 | ||
| 020 | _a9788320432237 | ||
| 040 |
_aWA N _cBPK |
||
| 080 | _a550.4 | ||
| 080 | _a504 | ||
| 080 | _a(075.8) | ||
| 100 | 1 |
_aMigaszewski, Zdzisław M. _eAutor |
|
| 245 | 1 | 0 |
_aPodstawy geochemii środowiska / _cZdzisław M. Migaszewski, Agnieszka Gałuszka. |
| 260 |
_aWarszawa : _bWydawnictwa Naukowo-Techniczne, _c2007. |
||
| 300 |
_a574 s. : _bil. (gł. kolor.) ; _c24 cm. |
||
| 504 | _aBibliogr. s. 515-554. Indeksy. | ||
| 521 | 8 | _aPodręcznik akademicki. | |
| 650 | 4 |
_aŚrodowisko człowieka _xchemia. |
|
| 655 | 4 | _aPodręczniki akademickie | |
| 650 | 4 | _aGeochemia | |
| 700 | 1 |
_aGałuszka, Agnieszka. _eAutor |
|
| 710 | 2 |
_aWydawnictwa Naukowo-Techniczne _4pbl. |
|
| 856 |
_uhttp://koha.tu.koszalin.pl/cgi-bin/koha/opac-detail.pl?biblionumber=55587 _yKatalog online BPK |
||
| 942 |
_2UKD _cKS |
||
| 999 |
_c55587 _d55587 |
||